01143nac a22003251u 4500010001600000020001500016082001700031090001500048100003400063245008300097250001200180260004600192300002900238500005700267504005100324650002000375650001300395650002200408650005000430650004300480650005200523650002000575650001300595650002500608650002800633700001800661942001900679999001500698952010400713 a 97025789 a044305573400a617.9bK9637 c4208d4208 aKumar, Bakul. 10aWorking in the operating department /cBakul Kumar ; foreword by Peter Hutton. a2nd ed. aNew York :bChurchill Livingstone,c1998. a317 p. :bill. ;c25 cm. aRev. ed. of: Working in the operating theatre. 1990. aIncludes bibliographical references and index. 0aAnesthesiology. 0aSurgery. 0aMedical sciences. 0aAnesthesiologyxExaminations, questions, etc. 0aSurgeryxExaminations, questions, etc. 0aMedical sciencesxExaminations, questions, etc. 0aAnesthesiology. 0aSurgery. 0aBiological Sciences. 0aOperating Room Nursing.1 aKumar, Bakul. cBBk617.9K9637 c4208d4208 00104070aMAINbMAINc1STd2007-08-27ePurchasel0o617.9 KUMp000000283r2025-07-15 00:00:00yBB